Teatro helénico : (Record no. 137326)

MARC details
000 -CABECERA
campo de control de longitud fija 01219nam a22003014i 4500
001 - NÚMERO DE CONTROL
campo de control 991061739601406706
003 - IDENTIFICADOR DEL NÚMERO DE CONTROL
campo de control ES-BaIT
005 - FECHA Y HORA DE LA ÚLTIMA TRANSACCIÓN
campo de control 20260326124517.0
008 - DATOS DE LONGITUD FIJA--INFORMACIÓN GENERAL
campo de control de longitud fija 260326s1965 mx r 000 0 spa c
040 ## - FUENTE DE LA CATALOGACIÓN
Centro catalogador/agencia de origen ES-BaIT
Lengua de catalogación cat
Normas de descripción rda
Centro/agencia transcriptor ES-BaIT
080 ## - NÚMERO DE LA CLASIFICACIÓN DECIMAL UNIVERSAL
Número de la Clasificación Decimal Universal 875-2.09
100 1# - ENTRADA PRINCIPAL--NOMBRE DE PERSONA
Nombre de persona Garibay K., Angel María
Forma completa/desarrollada del nombre (Garibay Kintana),
Fechas asociadas al nombre 1892-1967
Término indicativo de función/relación autor
9 (RLIN) 21481
245 10 - MENCIÓN DE TÍTULO
Título Teatro helénico :
Resto del título cinco lecciones de síntesis esquemática /
Mención de responsabilidad, etc. [por] Angel Ma. Garibay K.
246 3# - FORMA VARIANTE DE TÍTULO
Título propio/Titulo breve Cinco lecciones de síntesis esquemática
250 ## - MENCIÓN DE EDICIÓN
Mención de edición Primera edición
264 #1 - PRODUCCIÓN, PUBLICACIÓN, DISTRIBUCIÓN, FABRICACIÓN Y COPYRIGHT
Producción, publicación, distribución, fabricación y copyright México :
Nombre del de productor, editor, distribuidor, fabricante Instituto Nacional de Bellas Artes, Departamento de Teatro,
Fecha de producción, publicación, distribución, fabricación o copyright 1965
300 ## - DESCRIPCIÓN FÍSICA
Extensión 143 pàgines ;
Dimensiones 17 cm
336 ## - TIPO DE CONTENIDO
Término de tipo de contenido text
Código de tipo de contenido txt
Fuente rdacontent
337 ## - TIPO DE MEDIO
Nombre/término del tipo de medio sense mediació
Código del tipo de medio n
Fuente rdamedia
338 ## - TIPO DE SOPORTE
Nombre/término del tipo de soporte volum
Código del tipo de soporte nc
Fuente rdacarrier
490 0# - MENCIÓN DE SERIE
Mención de serie Colección de teatro;
Designación de volumen o secuencia 1
504 ## - NOTA DE BIBLIOGRAFÍA, ETC.
Nota de bibliografía, etc. Inclou bibliografia pàgina 9
505 8# - NOTA DE CONTENIDO CON FORMATO
Nota de contenido con formato Conté: Teatro helénico, síntesis esquemática.--Esquilo, la tragedia hierática.--Sófocles, la tragedia político-social.--Eurípides, la tragedia humana.--Aristófanes, la comedia
650 #0 - PUNTO DE ACCESO ADICIONAL DE MATERIA--TÉRMINO DE MATERIA
Término de materia o nombre geográfico como elemento de entrada Teatre clàssic grec
Subdivisión general Història i crítica
9 (RLIN) 68634
908 ## - COLOCAR PARÁMETRO DE COMANDO (RLIN)
Colocar parámetro de comando CDMAE
940 ## - EQUIVALENCIA O REFERENCIA-CRUZADA--TÍTULO UNIFORME [OBSOLETO] [solamente CAN/MARC]
Título uniforme <a href="CDMAE">CDMAE</a>
942 ## - ELEMENTOS DE ENTRADA AGREGADA (KOHA)
Fuente del sistema de clasificación o colocación Clasificación decimal universal
Tipo de ítem Koha Llibre
Holdings
Estado de retiro Estado de pérdida Fuente del sistema de clasificación o colocación Estado dañado No para préstamo Localización permanente Ubicación/localización actual Ubicación en estantería Fecha de adquisición Fuente de adquisición Total de préstamos Signatura topográfica completa Código de barras Fecha visto por última vez Precio válido a partir de Tipo de ítem Koha
    Clasificación decimal universal     Biblioteca Barcelona Biblioteca Barcelona BCN Lliure Accés 26/03/2026 Donatiu   875 GAR 1900089991 26/03/2026 26/03/2026 Llibre

Powered by Koha